Практический курс геологического моделирования: учебное пособие

Bibliografiska uppgifter
Institutionell upphovsman: Российский государственный университет нефти и газа им. И. М. Губкина (РГУ Нефти и Газа)
Övriga upphovsmän: Золоева Г. М. Галина Михайловна, Жемжурова З. Н. Зоя Николаевна, Рыжков В. И. Валерий Иванович, Чекунова В. А. Вера Александровна, Черноглазов В. Н. Валерий Николаевич
Sammanfattning:Изложены методические основы технологии геологического моделирования залежей природных углеводородов при решении основных задач комплексной интерпретации сейсмических и скважинных данных: построение структурного каркаса геологической модели, прогнозирование фильтрационно-емкостных свойств коллекторов, подсчет запасов, подготовка данных для гидродинамического моделирования. Представлены результаты сравнительного анализа отечественного и зарубежного программного обеспечения, используемого для построения трехмерных цифровых геологических моделей. Рассмотрены детерминистические и стохастические методы расчета основных объектов геомоделирования: геологических поверхностей, кубов и карт подсчетных параметров с описанием используемых алгоритмов и способов редактирования результатов вычислений. Приведены примеры, иллюстрирующие все этапы геологического моделирования, с учетом особенностей геологического строения залежей природных углеводородов. Для студентов высших учебных заведений, обучающихся по специальностям подготовки дипломированных специалистов: 130500 «Нефтегазовое дело», 130200 «Технологии геологической разведки» и 130202 «Геофизические методы исследования скважин».
Språk:ryska
Publicerad: Москва, Недра, 2010
Ämnen:
Materialtyp: Bok
KOHA link:https://koha.lib.tpu.ru/cgi-bin/koha/opac-detail.pl?biblionumber=196417

MARC

LEADER 00000nam0a2200000 4500
001 196417
005 20231101224706.0
010 |a 9785836503680 
035 |a (RuTPU)RU\TPU\book\214280 
090 |a 196417 
100 |a 20110524d2010 m y0rusy50 ca 
101 0 |a rus 
102 |a RU 
105 |a a j 001zy 
200 1 |a Практический курс геологического моделирования  |e учебное пособие  |f Г. М. Золоева [и др.]  |g Российский государственный университет нефти и газа им. И. М. Губкина (РГУ Нефти и Газа) 
210 |a Москва  |c Недра  |d 2010 
215 |a 320 с.  |c ил. 
320 |a Библиогр.: с. 316-317. 
320 |a Предметный указатель: с. 315. 
330 |a Изложены методические основы технологии геологического моделирования залежей природных углеводородов при решении основных задач комплексной интерпретации сейсмических и скважинных данных: построение структурного каркаса геологической модели, прогнозирование фильтрационно-емкостных свойств коллекторов, подсчет запасов, подготовка данных для гидродинамического моделирования. Представлены результаты сравнительного анализа отечественного и зарубежного программного обеспечения, используемого для построения трехмерных цифровых геологических моделей. Рассмотрены детерминистические и стохастические методы расчета основных объектов геомоделирования: геологических поверхностей, кубов и карт подсчетных параметров с описанием используемых алгоритмов и способов редактирования результатов вычислений. Приведены примеры, иллюстрирующие все этапы геологического моделирования, с учетом особенностей геологического строения залежей природных углеводородов. Для студентов высших учебных заведений, обучающихся по специальностям подготовки дипломированных специалистов: 130500 «Нефтегазовое дело», 130200 «Технологии геологической разведки» и 130202 «Геофизические методы исследования скважин». 
606 1 |a Геологическое моделирование, компьютерное  |2 stltpush  |3 (RuTPU)RU\TPU\subj\70768  |9 84973 
610 1 |a компьютерные технологии 
610 1 |a трехмерное моделирование 
610 1 |a структурно-тектонические модели 
610 1 |a сейсмические данные 
610 1 |a запасы 
610 1 |a подсчет 
610 1 |a твердые копии 
610 1 |a гидродинамическое моделирование 
610 1 |a учебные пособия 
675 |a 55:681.3  |v 3 
701 1 |a Золоева  |b Г. М.  |g Галина Михайловна 
701 1 |a Жемжурова  |b З. Н.  |g Зоя Николаевна 
701 1 |a Рыжков  |b В. И.  |g Валерий Иванович 
701 1 |a Чекунова  |b В. А.  |g Вера Александровна 
701 1 |a Черноглазов  |b В. Н.  |g Валерий Николаевич 
712 0 2 |a Российский государственный университет нефти и газа им. И. М. Губкина (РГУ Нефти и Газа)  |c (Москва)  |c (1998- )  |2 stltpush  |3 (RuTPU)RU\TPU\col\408 
801 1 |a RU  |b 63413507  |c 20110524 
801 2 |a RU  |b 63413507  |c 20110530  |g RCR 
900 |a Геоинформатика 
900 |a Геоинформационные системы 
942 |c BK 
951 |b 130000